Combattants MMA FR #1 - Statistiques

Statistiques générales
  • Ce quiz a été pris 111 fois
  • Le résultat moyen est 9 sur 16
Statistiques - réponses
Par images Réponse % Correct
Morgan Charrière
95%
Salahdine Parnasse
90%
Nassourdine Imavov
89%
Fares Ziam
87%
Manon Fiorot
78%
Wilson Varela
60%
Axel Sola
57%
Amin Ayoub
54%
Virgil Augen
47%
Mickael Lebout
46%
Nora Cornolle
45%
Matthieu Letho Duclos
34%
Aboubakar Younousov
24%
Nicolas Leblond
24%
Michael Aljarouj
22%
Baris Adiguzel
18%
Aucun quiz correspondant
Distribution des résultats
% des personnes avec chaque résultat
Percentile par nombre de réponses
Votre historique - résultats
Vous n’avez pas pris ce quiz